Cartas a Lucílio (Registo nº 202634)

Detalhes MARC
000 -Etiqueta do registo
Valores 00752nam 22002293 4500
010 ## - Número ISBN
ISBN 972-31-0536-5
021 ## - Número do Depósito Legal
Código do país Portugal
Número 208812/04
100 ## - Dados gerais de processamento
Dados gerais 20260619d u||y0pory50 ba
200 ## - Titulo e menção de responsabilidade
Título próprio Cartas a Lucílio
Primeira menção de responsabilidade Lúcio Aneu Séneca
Outras menções de responsabilidade tradução, prefácio e notas de J. A. Segurado e Campos
205 ## - Menção da edição
Edição
210 ## - Publicação
Local de publicação Lisboa
Nome do editor Fundação Calouste Gulbenkian
Data de publicação 2004
215 ## - Descrição física 
Paginação / Volumes [LIV], 713, [5] p.
Outras indicações físicas encadernado
Dimensões 22 cm
225 ## - Colecção 
Título próprio da colecção Textos clássicos
606 ## - Nome comum usado como assunto
ID Autoridade 7964
Palavra de ordem Moral. Ética. Filosofia prática
675 ## - CDU
Notação 17
Edição PT
Língua por
700 ## - Autor principal (pessoa individual)
ID Autoridade 17562
Apelido Séneca
Nome Lúcio Aneu
Datas c. 4 a.C. – 65 d.C.
702 ## - Autor secundário (pessoa individual)
ID Autoridade 17563
Apelido Campos
Nome José António Segurado e
801 ## - Fonte de origem
País PT
Agência BMMN
Regras de catalogação RPC
830 ## - Notas gerais do catalogador
Criado por Vanda
990 ## - Elementos KOHA
Tipo de documento Livro
Exemplares
Situação do levantamento Biblioteca de origem Código de barras Cota Permissão de empréstimo Tipo de documento Forma de aquisição
  Biblioteca Municipal de Montemor-o-Novo 32141 17 SEN|DEP   Livro Oferta

Powered by Koha